000 00941nam a22003017a 4500
003 CHAP
005 20220329135628.0
008 971013s1973 r 00010 d
010 _a39586
011 _a40558
035 _a44684
040 _cCHAP
090 _aTesis
100 0 0 _aMontiel Hernández, Amelia.
_977949
245 _aReseña geográfica de la región de Tumbala, Chiapas
260 _aMéxico, D.F. :
_bEL AUTOR,
_c1973
300 _a148 h.
_b: ilus. ; mapas
502 _aTesis (Maestro en Geografía) -- Escuela Normal Superior
590 _aALEPH
_b10
_c20130110
_lUCH01
_h1307
590 _aBATCH-UPD
_b10
_c20130110
_lUCH01
_h2115
590 _aBATCH-UPD
_b10
_c20130410
_lUCH01
_h1425
590 _aBATCH-UPD
_b10
_c20130914
_lUCH01
_h0921
590 _aCONVERSION
_b10
_c20130109
_lUCH01
_h1322
650 1 4 _aChiapas
_xGeografía.
_922234
901 _aBK
942 _cTESIS
949 _bBC
_cTES
_d-102382
_eTS1
_i44684
_si
999 _c39586
_d39586